[Event "K41 Aabent Mesterskab 2007-08"]
[Site "Valby"]
[Date "2007.11.27"]
[Round "2"]
[White "Nielsen, Jorgen Kamp"]
[Black "Nielsen, Jais Norgaard"]
[Result "1-0"]
[WhiteElo "1432"]
[BlackElo "1584"]
[PlyCount "83"]
[EventDate "2007.??.??"]

1. e4 e5 2. Nf3 Nc6 3. Bc4 Nf6 4. Nc3 Be7 5. d4 d6 6. dxe5 dxe5 7. Qxd8+ Bxd8
8. Bg5 h6 9. Bh4 Bg4 10. Bb5 Bxf3 11. gxf3 O-O 12. Bg3 Nd4 13. Ba4 Nxf3+ 14.
Ke2 Nd4+ 15. Kd3 Nh5 16. Bxe5 Nf3 17. Bg3 Nxg3 18. hxg3 Ne5+ 19. Ke2 c6 20. Bb3
Ba5 21. Nd1 Nd7 22. c3 Bb6 23. Ne3 Bxe3 24. Kxe3 Rfe8 25. Rh4 Nc5 26. Bc2 f5
27. b4 g5 28. Rxh6 Nxe4 29. Kf3 Rad8 30. Rah1 Kg7 31. Rh7+ Kf6 32. Rxb7 Rd2 33.
Bxe4 fxe4+ 34. Ke3 Rxa2 35. Rh6+ Ke5 36. Rxc6 Rd8 37. Rb5+ Rd5 38. Rxd5+ Kxd5
39. Rc5+ Ke6 40. Rxg5 Ra1 41. Rg4 Re1+ 42. Kd2 1-0

[Event "K41 Aabent Mesterskab 2007-08"]
[Site "Valby"]
[Date "2007.11.27"]
[Round "2"]
[White "Nielsen, Michael"]
[Black "Nielsen, Jens Holm"]
[Result "1/2-1/2"]
[WhiteElo "2058"]
[BlackElo "1802"]
[PlyCount "29"]
[EventDate "2007.??.??"]

1. d4 d5 2. Nf3 Nf6 3. g3 Bg4 4. Bg2 c6 5. O-O Nbd7 6. b3 e6 7. c4 Bd6 8. Bb2
O-O 9. Nbd2 Re8 10. Ne5 Bh5 11. f4 Bb4 12. a3 Bxd2 13. Qxd2 Bg6 14. a4 Be4 15.
Bf3 1/2-1/2

[Event "K41 Aabent Mesterskab 2007-08"]
[Site "Valby"]
[Date "2007.11.27"]
[Round "2"]
[White "Petersen, Jan Han Il Nam"]
[Black "Christensen, Aage Niels"]
[Result "1-0"]
[WhiteElo "1605"]
[BlackElo "1460"]
[PlyCount "41"]
[EventDate "2007.??.??"]

1. e4 e6 2. d4 d5 3. Nd2 c5 4. Ngf3 Nc6 5. exd5 exd5 6. c4 cxd4 7. cxd5 Qxd5 8.
Bc4 Qf5 9. Qe2+ Be6 10. O-O Be7 11. Bb5 Rd8 12. Ne5 Bd7 13. Nxd7 Rxd7 14. Ne4
Nf6 15. Ng3 Qd5 16. Qd3 O-O 17. Nf5 Nb4 18. Bxd7 Qxd7 19. Qh3 d3 20. Bg5 Rc8
21. Bxf6 1-0

[Event "K41 Aabent Mesterskab 2007-08"]
[Site "Valby"]
[Date "2007.11.27"]
[Round "2"]
[White "Taylor, Ralph"]
[Black "Petersen, Steen Brustrup"]
[Result "0-1"]
[WhiteElo "1840"]
[BlackElo "2136"]
[PlyCount "124"]
[EventDate "2007.??.??"]

1. e4 e5 2. Bc4 Nf6 3. Nc3 Nc6 4. d3 Na5 5. Nge2 Nxc4 6. dxc4 Be7 7. O-O O-O 8.
Ng3 d6 9. Qd3 c6 10. b3 Be6 11. Bb2 Qc7 12. Rad1 Rad8 13. Qe2 g6 14. h3 Ne8 15.
Bc1 f5 16. exf5 gxf5 17. Rd3 f4 18. Nh5 Bf5 19. Rdd1 Bg6 20. g4 Bh4 21. Kh1 Qf7
22. Rg1 Nc7 23. Ba3 Qe6 24. Rde1 Kh8 25. Kh2 b6 26. Bc1 Rde8 27. Bb2 h6 28. Qd2
Kh7 29. Ba3 Rd8 30. Ne4 Rf7 31. Nxd6 Ne8 32. Nxf4 Rxf4 33. Qxf4 Nxd6 34. Rxe5
Qf7 35. Qxf7+ Nxf7 36. Re2 Ng5 37. Kg2 Be4+ 38. Kf1 Rd1+ 39. Re1 Rxe1+ 40. Kxe1
Nf3+ 41. Kf1 Nxg1 42. Kxg1 Bxc2 43. Bd6 Bd3 44. Bb8 a6 45. Bc7 b5 46. cxb5 Bxb5
47. Ba5 Bf6 48. Bd2 Bd3 49. b4 Bc2 50. Bc1 Kg6 51. Kg2 Be4+ 52. Kg3 Be5+ 53. f4
Bc3 54. a3 Be1+ 55. Kh2 h5 56. gxh5+ Kxh5 57. Kg1 Kh4 58. Kf1 Bc3 59. Ke2 Bd4
60. Bd2 Kxh3 61. a4 Kg3 62. Be3 Bc3 0-1

[Event "K41 Aabent Mesterskab 2007-08"]
[Site "Valby"]
[Date "2007.12.07"]
[Round "3"]
[White "Brorsen, Jacob Abildlund"]
[Black "Laursen, Niels Norskov"]
[Result "0-1"]
[WhiteElo "1804"]
[BlackElo "2170"]
[PlyCount "74"]
[EventDate "2007.??.??"]

1. f4 g6 2. Nf3 Bg7 3. g3 c5 4. Bg2 Nc6 5. O-O e6 6. d3 Nge7 7. c3 O-O 8. e4 d6
9. a4 b6 10. Na3 Bb7 11. g4 f5 12. gxf5 exf5 13. Ng5 Qd7 14. Qb3+ d5 15. e5 Ba6
16. Nb5 h6 17. Ne6 Qxe6 18. Nc7 Qc8 19. Nxa8 Qxa8 20. Bxd5+ Nxd5 21. Qxd5+ Kh7
22. Qf3 Rd8 23. Rd1 Qc8 24. h3 Qe6 25. Kf2 Rd7 26. Ke2 g5 27. Kf2 gxf4 28. Bxf4
Nxe5 29. Bxe5 Bb7 30. Qe3 Qxe5 31. Qxe5 Bxe5 32. Re1 Bf6 33. Re6 Bh4+ 34. Ke2
f4 35. Rg1 f3+ 36. Ke3 f2 37. Rf1 Rf7 0-1

[Event "K41 Aabent Mesterskab 2007-08"]
[Site "Valby"]
[Date "2007.12.04"]
[Round "3"]
[White "Christensen, Aage Niels"]
[Black "Krogh, Soren"]
[Result "1/2-1/2"]
[WhiteElo "1460"]
[BlackElo "1087"]
[PlyCount "70"]
[EventDate "2007.??.??"]

1. d4 Nf6 2. c4 c5 3. d5 d6 4. Nc3 g6 5. e4 Bg7 6. f4 O-O 7. Nf3 Bg4 8. h3 Bxf3
9. Qxf3 Re8 10. Be2 e6 11. e5 dxe5 12. fxe5 Nh5 13. O-O f5 14. exf6 Nxf6 15.
Bg5 Nbd7 16. dxe6 Rxe6 17. Rad1 Qe8 18. Qd3 a6 19. Bxf6 Nxf6 20. Bf3 Rb8 21.
Bd5 Nxd5 22. Qxd5 Bd4+ 23. Kh1 Kh8 24. Qf3 b5 25. cxb5 axb5 26. Qf7 Qc6 27.
Rde1 Rxe1 28. Rxe1 Bf6 29. Nd5 Bg5 30. Re6 Qc8 31. Nf6 Bxf6 32. Qxf6+ Kg8 33.
Re7 Qf8 34. Qe6+ Kh8 35. Qe5+ Kg8 1/2-1/2

[Event "K41 Aabent Mesterskab 2007-08"]
[Site "Valby"]
[Date "2008.01.07"]
[Round "3"]
[White "Christensen, Esben"]
[Black "Nielsen, John Holm"]
[Result "1/2-1/2"]
[WhiteElo "1984"]
[BlackElo "1877"]
[PlyCount "45"]
[EventDate "2007.??.??"]

1. e4 e5 2. Nf3 Nc6 3. Bc4 Bc5 4. c3 Nf6 5. d3 d6 6. O-O h6 7. b4 Bb6 8. a4 a5
9. b5 Ne7 10. Re1 O-O 11. Be3 Bxe3 12. Rxe3 Bg4 13. h3 Bxf3 14. Qxf3 Ng6 15. g3
Qd7 16. Kg2 Rad8 17. Qf5 Qxf5 18. exf5 Ne7 19. g4 Ned5 20. Bxd5 Nxd5 21. Rf3
Rfe8 22. c4 Nb4 23. Nc3 1/2-1/2

[Event "K41 Aabent Mesterskab 2007-08"]
[Site "Valby"]
[Date "2007.12.04"]
[Round "3"]
[White "Hansen, John Laurids"]
[Black "Nielsen, Jorgen Kamp"]
[Result "0-1"]
[WhiteElo "1660"]
[BlackElo "1432"]
[PlyCount "68"]
[EventDate "2007.??.??"]

1. e4 c5 2. Nf3 d6 3. d4 cxd4 4. Nxd4 Nf6 5. Nc3 a6 6. Be2 e6 7. O-O Be7 8. f4
Qc7 9. Be3 b5 10. Bf3 Bb7 11. a3 Nbd7 12. Nde2 h5 13. h3 h4 14. Qe1 Nc5 15. e5
Nfe4 16. exd6 Bxd6 17. Rd1 O-O-O 18. Nxe4 Bxe4 19. Bxe4 Nxe4 20. Rd3 Kb7 21.
Nd4 g5 22. Bc1 Ng3 23. Rc3 Bc5 24. Be3 Rxd4 25. Rxc5 Qxc5 26. Qf2 gxf4 27. Bxd4
Qxd4 28. Qxd4 Ne2+ 29. Kh2 Nxd4 30. c3 Nf5 31. Rxf4 Rd8 32. Rf2 Ng3 33. Rxf7+
Kb6 34. Rf2 Rd1 0-1

[Event "K41 Aabent Mesterskab 2007-08"]
[Site "Valby"]
[Date "2007.12.04"]
[Round "3"]
[White "Hansen, Soren Otto"]
[Black "Marshall, Michael"]
[Result "1/2-1/2"]
[WhiteElo "1541"]
[BlackElo "1814"]
[PlyCount "97"]
[EventDate "2007.??.??"]

1. e4 c5 2. Nf3 e6 3. d4 cxd4 4. Nxd4 Nc6 5. Nc3 Qc7 6. Be3 a6 7. Be2 Nf6 8. g4
Bb4 9. Nxc6 Bxc3+ 10. bxc3 Qxc6 11. Qd4 Qxe4 12. f3 Qxd4 13. cxd4 O-O 14. c4 d6
15. Kf2 Bd7 16. a4 Bc6 17. Rhb1 h6 18. a5 Rfc8 19. Bf4 Ne8 20. Rb6 d5 21. c5
Nc7 22. Rb4 Nb5 23. Bd3 Re8 24. Re1 Bd7 25. h4 Rac8 26. g5 hxg5 27. hxg5 Kf8
28. Be5 f6 29. gxf6 gxf6 30. Bxf6 Kf7 31. Be5 Rg8 32. Rh1 Rcf8 33. Rh7+ Ke8 34.
Rb1 Rf7 35. Rh6 Kd8 36. Rbh1 Rgf8 37. R1h3 Nc3 38. Bg6 Ne4+ 39. Ke3 Ng5 40.
Bxf7 Nxh3 41. Bxe6 Bxe6 42. Rxe6 Rxf3+ 43. Kxf3 Ng5+ 44. Kg4 Nxe6 45. Kf5 Kd7
46. Bh8 Nc7 47. Ke5 Kc6 48. Bf6 Kd7 49. Bh8 1/2-1/2

[Event "K41 Aabent Mesterskab 2007-08"]
[Site "Valby"]
[Date "2007.12.04"]
[Round "3"]
[White "Hou, Mads"]
[Black "Hoj, Torben Kjaergaard"]
[Result "0-1"]
[WhiteElo "1465"]
[BlackElo "1622"]
[PlyCount "86"]
[EventDate "2007.??.??"]

1. e4 c5 2. d4 cxd4 3. c3 dxc3 4. Nxc3 Nc6 5. Nf3 d6 6. Bc4 e6 7. Bf4 a6 8. Qe2
Be7 9. O-O e5 10. Be3 Nf6 11. Rfd1 Ng4 12. Bc5 Nf6 13. Ng5 O-O 14. Rd2 Qc7 15.
Be3 h6 16. Nxf7 Rxf7 17. Bxf7+ Kxf7 18. Qc4+ Be6 19. Nd5 Qd8 20. Rad1 Rc8 21.
Qe2 Bxd5 22. exd5 Nb8 23. f4 Nbd7 24. Rf1 Kg8 25. fxe5 Nxe5 26. Rd4 Nh7 27. Bf4
Bf6 28. Re4 Qb6+ 29. Be3 Qa5 30. Rd1 Bg5 31. Bd4 Bf6 32. h4 Qd8 33. g3 Nf8 34.
Bxe5 Bxe5 35. Qg4 Rc2 36. Rf1 Qb6+ 37. Kh1 Qxb2 38. Rxf8+ Kxf8 39. Rf4+ Bf6 40.
Qh3 Rc1+ 41. Rf1 Rxf1+ 42. Qxf1 Qxa2 43. Qc1 Qa1 0-1

[Event "K41 Aabent Mesterskab 2007-08"]
[Site "Valby"]
[Date "2007.12.04"]
[Round "3"]
[White "Jorgensen, Carina Eilegaard"]
[Black "Moller, Arne Vagn"]
[Result "1/2-1/2"]
[WhiteElo "1863"]
[BlackElo "1723"]
[PlyCount "70"]
[EventDate "2007.??.??"]

1. f4 c5 2. Nf3 Nf6 3. g3 d6 4. Bg2 Nc6 5. O-O g6 6. d3 Bg7 7. e4 O-O 8. Nc3
Bg4 9. h3 Bxf3 10. Qxf3 Nd7 11. Ne2 a5 12. g4 a4 13. a3 Rc8 14. c3 Na5 15. Rb1
b5 16. d4 Nb3 17. Be3 cxd4 18. cxd4 Rc2 19. e5 Nb6 20. Nc1 dxe5 21. Nxb3 exd4
22. Na1 Rxg2+ 23. Kxg2 dxe3 24. Rfd1 Qb8 25. b3 axb3 26. Nxb3 Nc4 27. Rd7 Nxa3
28. Rbd1 Nc4 29. Rxe7 Bc3 30. f5 b4 31. fxg6 hxg6 32. Rf1 Qa8 33. Nc1 Bd2 34.
Qxa8 Rxa8 35. Rfxf7 Bxc1 1/2-1/2

[Event "K41 Aabent Mesterskab 2007-08"]
[Site "Valby"]
[Date "2007.12.04"]
[Round "3"]
[White "Jorgensen, Rasmus"]
[Black "Jorgensen, Orla Eilegaard"]
[Result "1-0"]
[WhiteElo "1607"]
[BlackElo "1447"]
[PlyCount "45"]
[EventDate "2007.??.??"]

1. e4 c5 2. Nf3 d6 3. b3 Nc6 4. Bb2 Bg4 5. h3 Bh5 6. g4 Bg6 7. d3 f6 8. Nc3 e6
9. Qd2 Be7 10. h4 h6 11. Ne2 Qd7 12. Nf4 Bh7 13. g5 g6 14. Bh3 Nd8 15. h5 Kf7
16. Nh4 hxg5 17. hxg6+ Bxg6 18. Nhxg6 Rh6 19. Nxe7 gxf4 20. Nxg8 Rxh3 21. Rxh3
Kxg8 22. Bxf6 e5 23. Rh8+ 1-0

[Event "K41 Aabent Mesterskab 2007-08"]
[Site "Valby"]
[Date "2007.12.04"]
[Round "3"]
[White "Madsen, Poul Henrik"]
[Black "Brondum, Eric"]
[Result "1/2-1/2"]
[WhiteElo "2100"]
[BlackElo "2111"]
[PlyCount "76"]
[EventDate "2007.??.??"]

1. d4 Nf6 2. Nf3 g6 3. c4 Bg7 4. Nc3 O-O 5. e4 d6 6. Be2 e5 7. O-O Nc6 8. d5
Ne7 9. b4 a5 10. bxa5 Rxa5 11. Nd2 c5 12. dxc6 bxc6 13. Nb3 Ra8 14. a4 c5 15.
Nb5 Ra6 16. Qd3 Bb7 17. Bf3 Qb8 18. Bg5 h6 19. Be3 Ne8 20. Bxc5 dxc5 21. Nxc5
Qc8 22. Nxa6 Bxa6 23. Rfd1 Qc5 24. Qa3 Qxa3 25. Rxa3 Nc6 26. Rd7 Bc8 27. Rd5
Be6 28. a5 Nf6 29. a6 Rc8 30. Rc5 Nd7 31. Rxc6 Rxc6 32. a7 Nb6 33. a8=Q+ Nxa8
34. Rxa8+ Bf8 35. Be2 Bxc4 36. Bxc4 Rxc4 37. f3 Rc2 38. h3 Kg7 1/2-1/2

[Event "K41 Aabent Mesterskab 2007-08"]
[Site "Valby"]
[Date "2007.12.04"]
[Round "3"]
[White "Mikkelsen, Henning Peter"]
[Black "Frederiksen, Alan"]
[Result "0-1"]
[WhiteElo "1287"]
[BlackElo "1537"]
[PlyCount "102"]
[EventDate "2007.??.??"]

1. d4 Nf6 2. c4 e6 3. Nf3 b6 4. Bg5 Be7 5. Nc3 Bb7 6. e3 O-O 7. Bd3 d5 8. Qc2
h6 9. Bxf6 Bxf6 10. h4 Nd7 11. Rh3 c5 12. g4 cxd4 13. exd4 dxc4 14. Bh7+ Kh8
15. g5 Bxf3 16. Rxf3 hxg5 17. hxg5 Bxg5 18. Be4 Rc8 19. Rh3+ Bh6 20. f4 Qf6 21.
Qf2 Kg8 22. Ke2 Rfd8 23. Rah1 Kf8 24. f5 Re8 25. Kd1 Qg5 26. Rxh6 gxh6 27. Rg1
Qf6 28. Kc2 Rcd8 29. Qg3 Qg5 30. Qd6+ Qe7 31. Qg3 Qf6 32. fxe6 Qxe6 33. Qg8+
Ke7 34. Nd5+ Qxd5 35. Qxe8+ Kxe8 36. Bxd5 Nf6 37. Bxc4 Rxd4 38. Kc3 Rd6 39. Rg7
Ne4+ 40. Kb4 Ng5 41. Rg8+ Ke7 42. a4 Rd8 43. Rxd8 Kxd8 44. a5 Kc7 45. axb6+
Kxb6 46. Bd5 f5 47. Kc4 f4 48. Kd3 f3 49. Ke3 Kc5 50. Bb7 Kc4 51. Ba6+ Kb3 0-1

[Event "K41 Aabent Mesterskab 2007-08"]
[Site "Valby"]
[Date "2007.12.04"]
[Round "3"]
[White "Nielsen, Jais Norgaard"]
[Black "Kristensen, Steffen Michael"]
[Result "1-0"]
[WhiteElo "1584"]
[BlackElo "1159"]
[PlyCount "65"]
[EventDate "2007.??.??"]

1. e4 e5 2. Nf3 Nf6 3. Nc3 Bc5 4. Be2 d6 5. O-O O-O 6. d3 h6 7. Na4 Bb6 8. Nxb6
axb6 9. h3 Nc6 10. c3 Be6 11. Nh2 Ne7 12. f4 exf4 13. Bxf4 Ng6 14. Be3 Ne5 15.
b3 c5 16. d4 Ng6 17. Qc2 cxd4 18. Bxd4 Qc7 19. Bd3 Ne5 20. Be3 Nxd3 21. Qxd3
Qc6 22. Bxh6 Qxe4 23. Qxe4 Nxe4 24. Bf4 Rfd8 25. c4 Rd7 26. Nf3 Rad8 27. Rfe1
d5 28. Ne5 Re7 29. cxd5 Bxd5 30. Rad1 Nc3 31. Rd3 Ne4 32. Rxe4 f6 33. Nc6 1-0

[Event "K41 Aabent Mesterskab 2007-08"]
[Site "Valby"]
[Date "2007.12.04"]
[Round "3"]
[White "Nielsen, Jens Holm"]
[Black "Lofberg, Jan"]
[Result "0-1"]
[WhiteElo "1802"]
[BlackElo "1918"]
[PlyCount "88"]
[EventDate "2007.??.??"]

1. f4 b6 2. Nf3 Bb7 3. e3 g6 4. Be2 Bg7 5. O-O Nh6 6. d3 d5 7. c3 O-O 8. Qc2 c5
9. e4 e6 10. g3 Nd7 11. Nh4 f5 12. e5 Nf7 13. Nf3 h6 14. Be3 g5 15. d4 Rc8 16.
Qd2 g4 17. Nh4 Nh8 18. a4 a6 19. Na3 Qe8 20. h3 h5 21. hxg4 hxg4 22. Rf2 Ng6
23. Rh2 Kf7 24. Nxg6 Kxg6 25. Kg2 Qe7 26. Rah1 Rh8 27. Qd1 Rxh2+ 28. Rxh2 cxd4
29. Bxd4 Rxc3 30. bxc3 Qxa3 31. Qc2 Kf7 32. Rh4 Nc5 33. Rh5 Nxa4 34. Bd3 Nxc3
35. Qxc3 Qxc3 36. Bxc3 d4+ 37. Kf2 dxc3 38. Ke3 b5 39. Kd4 b4 40. Kc4 a5 41.
Bc2 Bd5+ 42. Kd4 Bc6 43. Bb3 a4 44. Bc4 c2 0-1

[Event "K41 Aabent Mesterskab 2007-08"]
[Site "Valby"]
[Date "2007.12.04"]
[Round "3"]
[White "Petersen, Steen Brustrup"]
[Black "Jorgensen, Kasper Moller"]
[Result "1/2-1/2"]
[WhiteElo "2136"]
[BlackElo "1965"]
[PlyCount "54"]
[EventDate "2007.??.??"]

1. d4 f5 2. Bg5 h6 3. Bh4 g5 4. Bg3 Nf6 5. e3 Bg7 6. h4 g4 7. Bd3 d6 8. Ne2 Be6
9. Nf4 Qd7 10. c4 Bf7 11. d5 Na6 12. Nc3 Nc5 13. Bc2 Nh5 14. Nce2 Bxb2 15. Rb1
Bg7 16. Nxh5 Bxh5 17. Rxb7 O-O 18. Rb1 Ne4 19. Qd3 Bf7 20. O-O e5 21. f3 gxf3
22. gxf3 Nxg3 23. Nxg3 Bg6 24. Qe2 Qe7 25. Qh2 e4 26. h5 Bh7 27. f4 Kh8 1/2-1/2

[Event "K41 Aabent Mesterskab 2007-08"]
[Site "Valby"]
[Date "2007.12.04"]
[Round "3"]
[White "Rasmussen, Janus Munck"]
[Black "Nielsen, Michael"]
[Result "0-1"]
[WhiteElo "1705"]
[BlackElo "2058"]
[PlyCount "100"]
[EventDate "2007.??.??"]

1. e4 e6 2. d4 d5 3. Nc3 Nf6 4. Bg5 Be7 5. e5 Nfd7 6. Bxe7 Qxe7 7. f4 a6 8. Nf3
c5 9. dxc5 Qxc5 10. Qd4 Nc6 11. Qxc5 Nxc5 12. O-O-O b6 13. Be2 Bb7 14. Rhe1 O-O
15. Nd4 Rfc8 16. Bg4 g6 17. Nce2 Nb4 18. Kb1 Rc7 19. a3 Nc6 20. Nxc6 Bxc6 21.
Nd4 Rac8 22. Bf3 Ba4 23. g4 Nb7 24. Rd2 Na5 25. f5 Bd7 26. fxe6 Bxe6 27. g5 Nc6
28. c3 Ne7 29. Red1 Rc5 30. Nb3 Rc4 31. Nd4 R4c5 32. Nb3 Rc4 33. Nd4 b5 34. Be2
R4c7 35. Rf1 Bf5+ 36. Nxf5 Nxf5 37. Rf3 Re7 38. Rxd5 Rce8 39. Bd3 Rxe5 40. Rxe5
Rxe5 41. Bxf5 gxf5 42. a4 Kg7 43. Rf4 f6 44. gxf6+ Kxf6 45. axb5 axb5 46. c4
Kg5 47. Rd4 f4 48. cxb5 f3 49. Rd7 f2 50. Rg7+ Kf6 0-1

[Event "K41 Aabent Mesterskab 2007-08"]
[Site "Valby"]
[Date "2007.12.04"]
[Round "3"]
[White "Rasmussen, Morten(1956)"]
[Black "Eiholt, Bjarne"]
[Result "1/2-1/2"]
[WhiteElo "1753"]
[BlackElo "1538"]
[PlyCount "58"]
[EventDate "2007.??.??"]

1. d4 d5 2. Nf3 Nf6 3. c4 e6 4. g3 Be7 5. Bg2 O-O 6. O-O c6 7. b3 Nbd7 8. Nbd2
b6 9. Qc2 Bb7 10. Bb2 Rc8 11. e4 c5 12. e5 Ne4 13. Nxe4 dxe4 14. Nd2 cxd4 15.
Bxe4 Bxe4 16. Qxe4 Nc5 17. Qxd4 Qc7 18. Rad1 Rfd8 19. Qe3 Rd3 20. Qe2 Rcd8 21.
Nf3 R8d7 22. Nd4 Rxd1 23. Rxd1 Qd8 24. Rd2 Bg5 25. f4 Be7 26. Nf3 Nd3 27. a3
Bc5+ 28. Kg2 Nxb2 29. Rxb2 Bxa3 1/2-1/2

[Event "K41 Aabent Mesterskab 2007-08"]
[Site "Valby"]
[Date "2007.12.04"]
[Round "3"]
[White "Ringsborg, Allan"]
[Black "Nielsen, Soren Skovso"]
[Result "0-1"]
[WhiteElo "1522"]
[BlackElo "1539"]
[PlyCount "82"]
[EventDate "2007.??.??"]

1. Nf3 Nf6 2. c4 e6 3. Nc3 c6 4. d4 Bd6 5. a3 Bc7 6. Bg5 d6 7. e4 O-O 8. Qc2
Nbd7 9. Rd1 Qe8 10. Bd3 h6 11. Bf4 e5 12. dxe5 Nxe5 13. Nxe5 dxe5 14. Be3 Qe6
15. h3 Rd8 16. O-O Bd7 17. b4 b6 18. b5 Rac8 19. bxc6 Bxc6 20. Nd5 Bb8 21. Qe2
Bb7 22. Qb2 Ba8 23. f3 Bd6 24. Rc1 Nd7 25. Nc3 Nc5 26. Be2 Bc6 27. Rfd1 Na4 28.
Qb3 Nxc3 29. Rxc3 Qe8 30. Rd2 Ba4 31. Qa2 Qe7 32. Bd1 Bxd1 33. Rxd1 Bc5 34.
Rxd8+ Rxd8 35. Bxc5 Qxc5+ 36. Kh2 Rd1 37. Rc2 Qg1+ 38. Kg3 Rd6 39. f4 Qe3+ 40.
Kh2 exf4 41. Qa1 Qxe4 0-1

[Event "K41 Aabent Mesterskab 2007-08"]
[Site "Valby"]
[Date "2007.12.04"]
[Round "3"]
[White "Truelsen, Ole Illum"]
[Black "Petersen, Jan Han Il Nam"]
[Result "1-0"]
[WhiteElo "1821"]
[BlackElo "1605"]
[PlyCount "51"]
[EventDate "2007.??.??"]

1. c4 c6 2. e3 d5 3. d4 Nf6 4. Nf3 Bg4 5. Be2 e6 6. O-O dxc4 7. Bxc4 Bd6 8.
Nbd2 O-O 9. Qc2 Nbd7 10. b3 c5 11. Bb2 Rc8 12. Qd3 cxd4 13. Qxd4 e5 14. Qxd6
Rc6 15. Qa3 a6 16. Rac1 b5 17. Bxf7+ Rxf7 18. Rxc6 Ne8 19. Rfc1 Nb8 20. R6c2
Qb6 21. Nxe5 b4 22. Qa4 Nd6 23. Nxg4 Rf5 24. Bd4 Qd8 25. Qxb4 a5 26. Qb6 1-0

[Event "K41 Aabent Mesterskab 2007-08"]
[Site "Valby"]
[Date "2007.12.04"]
[Round "3"]
[White "Walli, Aqil Raad"]
[Black "Taylor, Ralph"]
[Result "0-1"]
[WhiteElo "1660"]
[BlackElo "1840"]
[PlyCount "100"]
[EventDate "2007.??.??"]

1. e4 c5 2. Nf3 d6 3. d4 cxd4 4. Nxd4 Nf6 5. Nc3 a6 6. Bg5 e6 7. Be2 Be7 8. O-O
Qc7 9. Qd2 Nc6 10. Nxc6 bxc6 11. Rad1 d5 12. a3 O-O 13. f4 dxe4 14. Bxf6 Bxf6
15. Nxe4 Bxb2 16. Qe3 e5 17. fxe5 Bxe5 18. h3 Be6 19. Ng5 Rae8 20. Qd3 g6 21.
Nxe6 Rxe6 22. Qxa6 c5 23. Qc4 Qe7 24. Bf3 Bb8 25. Bd5 Qc7 26. Rd3 Qh2+ 27. Kf2
Rf6+ 28. Rf3 Rxf3+ 29. Bxf3 Re8 30. Qg4 c4 31. Be2 Ba7+ 32. Ke1 Qe5 33. Qxc4
Qa1+ 34. Kd2 Rd8+ 35. Bd3 Qxf1 36. Qc7 Qf2+ 37. Kc3 Bb6 38. Qc6 Ba5+ 39. Kb3
Qd4 40. Qc4 Rb8+ 41. Ka4 Qxc4+ 42. Bxc4 Bc3 43. Bb5 Kf8 44. Kb3 Rxb5+ 45. Kxc3
Ke7 46. Kc4 Re5 47. c3 Kd6 48. a4 Kc6 49. Kb4 Kb6 50. c4 f5 0-1

[Event "K41 Aabent Mesterskab 2007-08"]
[Site "Valby"]
[Date "2008.01.08"]
[Round "4"]
[White "Abildgaard, Kenneth"]
[Black "Walli, Aqil Raad"]
[Result "1/2-1/2"]
[WhiteElo "1561"]
[BlackElo "1660"]
[PlyCount "129"]
[EventDate "2007.??.??"]

1. e4 c5 2. Nf3 d6 3. Bc4 Nc6 4. d3 Nf6 5. Bf4 e6 6. e5 dxe5 7. Nxe5 Nxe5 8.
Bxe5 Be7 9. Nd2 O-O 10. Qf3 Nd5 11. Ne4 f6 12. Bg3 a6 13. Nd2 b5 14. Bb3 Bb7
15. c4 Nb4 16. Qxb7 Nxd3+ 17. Ke2 Nxb2 18. Qe4 e5 19. cxb5+ Kh8 20. Qc2 axb5
21. Qxb2 c4 22. Nxc4 bxc4 23. Bxc4 Ba3 24. Qb3 Qd4 25. Rhd1 Qe4+ 26. Kf1 Rfb8
27. Qd3 Qxd3+ 28. Rxd3 Rc8 29. Rad1 h5 30. Bf7 Rc2 31. R3d2 Rxd2 32. Rxd2 Bb4
33. Rc2 Rd8 34. Bxh5 Kh7 35. h3 Kh6 36. Be2 Ba3 37. Kg1 Rd5 38. f4 e4 39. Bf2
f5 40. g4 g6 41. Bh4 Bd6 42. Bg5+ Kg7 43. a4 e3 44. Kg2 Rd4 45. a5 Bxf4 46.
Bxf4 Rxf4 47. Bf3 Ra4 48. Rc5 Ra2+ 49. Kf1 Rf2+ 50. Ke1 Rxf3 51. gxf5 Rxh3 52.
a6 gxf5 53. Rxf5 Rh1+ 54. Rf1 Rh2 55. Rg1+ Kf7 56. a7 Ra2 57. Rh1 Kg7 58. Rg1+
Kf7 59. Rf1+ Kg7 60. Rf3 Rxa7 61. Rxe3 Kf6 62. Rh3 Ra2 63. Rb3 Ke5 64. Rb4 Kd5
65. Rh4 1/2-1/2

[Event "K41 Aabent Mesterskab 2007-08"]
[Site "Valby"]
[Date "2008.01.08"]
[Round "4"]
[White "Brondum, Eric"]
[Black "Jorgensen, Kasper Moller"]
[Result "1-0"]
[WhiteElo "2111"]
[BlackElo "1965"]
[PlyCount "67"]
[EventDate "2007.??.??"]

1. d4 f5 2. Nc3 Nf6 3. e4 fxe4 4. Bg5 Nc6 5. d5 Ne5 6. Qe2 Nf7 7. Bxf6 exf6 8.
Nxe4 Be7 9. d6 cxd6 10. O-O-O O-O 11. f4 Rb8 12. Nf3 Re8 13. Nc3 b5 14. Nd4 b4
15. Nd5 Bb7 16. Nf5 Bxd5 17. Rxd5 Bf8 18. Qd2 Qc7 19. Bd3 b3 20. axb3 Rxb3 21.
Nd4 Rb6 22. Re1 Rxe1+ 23. Qxe1 Qb7 24. Bc4 Rb4 25. b3 Rb6 26. Qe8 Qb8 27. Qxd7
Qb7 28. Qe8 Qe7 29. Qxe7 Bxe7 30. Ra5 Rb7 31. Bd5 Rc7 32. Ne6 Rd7 33. Bc6 Bd8
34. Rb5 1-0

[Event "K41 Aabent Mesterskab 2007-08"]
[Site "Valby"]
[Date "2008.01.08"]
[Round "4"]
[White "Eiholt, Bjarne"]
[Black "Brorsen, Jacob Abildlund"]
[Result "0-1"]
[WhiteElo "1538"]
[BlackElo "1804"]
[PlyCount "100"]
[EventDate "2007.??.??"]

1. d4 g6 2. c4 Bg7 3. Nc3 d6 4. Bf4 Nd7 5. Nf3 e5 6. Bg5 f6 7. Bd2 Ne7 8. e4
O-O 9. Bd3 h6 10. O-O f5 11. exf5 gxf5 12. dxe5 dxe5 13. Nh4 e4 14. Bc2 Ne5 15.
Bf4 Qe8 16. g3 Be6 17. Nd5 Nxd5 18. cxd5 Rd8 19. Qc1 Bxd5 20. Bxh6 Qh5 21. Bxg7
Kxg7 22. Bd1 Qf7 23. Qg5+ Kh7 24. Rc1 c6 25. Be2 Qf6 26. Qf4 a5 27. a4 Rd7 28.
Rfd1 Rg7 29. Rc3 Nd3 30. Rcxd3 exd3 31. Bxd3 Be6 32. Nf3 Rd8 33. Ne5 Rd5 34.
Re1 c5 35. Qe3 Bd7 36. Bc4 Rd4 37. Qf3 Be8 38. Bd3 Rxa4 39. Bxf5+ Kh8 40. Nd3
Bc6 41. Qh5+ Kg8 42. Be6+ Kf8 43. Qh8+ Ke7 44. Bd5+ Kd7 45. Nxc5+ Kd6 46. Re6+
Qxe6 47. Nxe6 Bxd5 48. Qd8+ Rd7 49. Qf8+ Kxe6 50. h4 Ra1+ 0-1

[Event "K41 Aabent Mesterskab 2007-08"]
[Site "Valby"]
[Date "2008.01.08"]
[Round "4"]
[White "Frederiksen, Alan"]
[Black "Ringsborg, Allan"]
[Result "1/2-1/2"]
[WhiteElo "1537"]
[BlackElo "1522"]
[PlyCount "63"]
[EventDate "2007.??.??"]

1. d4 f5 2. g3 Nf6 3. Bg2 c6 4. c4 e6 5. Nf3 d6 6. O-O h6 7. Nc3 Bd7 8. b3 Na6
9. Ba3 Qa5 10. Qc1 g5 11. b4 Nxb4 12. Bxb4 Qxb4 13. Rb1 Qxc4 14. Rxb7 Be7 15.
Qb2 Kf7 16. Rc1 Qa6 17. e4 Bc8 18. Rc7 Ne8 19. Nxg5+ hxg5 20. Rxc6 Qb7 21. Nb5
Bd7 22. exf5 Rb8 23. fxe6+ Bxe6 24. d5 Kg8 25. dxe6 Qxb5 26. Qxb5 Rxb5 27. Rc8
Kg7 28. Bc6 Re5 29. Rxe8 Rxe8 30. Bxe8 Rxe6 31. Rc7 Kf8 32. Ba4 1/2-1/2

[Event "K41 Aabent Mesterskab 2007-08"]
[Site "Valby"]
[Date "2008.01.08"]
[Round "4"]
[White "Hansen, John Laurids"]
[Black "Nielsen, Jais Norgaard"]
[Result "0-1"]
[WhiteElo "1660"]
[BlackElo "1584"]
[PlyCount "88"]
[EventDate "2007.??.??"]

1. e4 e5 2. Nf3 Nc6 3. Bc4 Nf6 4. d3 Bc5 5. Nc3 d6 6. Bg5 Bg4 7. Nd5 Nd4 8. c3
Ne6 9. Nxf6+ gxf6 10. Be3 Bxe3 11. fxe3 Ng5 12. h3 Nxf3+ 13. gxf3 Bh5 14. Rg1
f5 15. Kd2 fxe4 16. dxe4 Qf6 17. Be2 O-O-O 18. Qa4 d5 19. exd5 Rxd5+ 20. Kc2
Rhd8 21. Rad1 Rxd1 22. Rxd1 Rxd1 23. Bxd1 Kd8 24. Qxa7 Bxf3 25. Qa8+ Kd7 26.
Qa4+ c6 27. Kc1 e4 28. Qd4+ Qxd4 29. cxd4 Ke6 30. Bxf3 exf3 31. Kd2 f5 32. a4
Kd5 33. Kd3 c5 34. b3 b6 35. h4 h5 36. dxc5 Kxc5 37. Kd2 Kb4 38. Ke1 Kxb3 39.
Kf2 Kxa4 40. Kxf3 b5 41. e4 fxe4+ 42. Kxe4 b4 43. Kd3 Ka3 44. Kc2 Ka2 0-1

[Event "K41 Aabent Mesterskab 2007-08"]
[Site "Valby"]
[Date "2008.01.18"]
[Round "4"]
[White "Hoj, Torben Kjaergaard"]
[Black "Hansen, Soren Otto"]
[Result "1-0"]
[WhiteElo "1622"]
[BlackElo "1541"]
[PlyCount "45"]
[EventDate "2007.??.??"]

1. e4 e5 2. Bc4 Nf6 3. Nc3 c6 4. f4 d5 5. exd5 cxd5 6. Bb5+ Bd7 7. fxe5 Bxb5 8.
Nxb5 Ne4 9. Qe2 Qh4+ 10. Kf1 Na6 11. d3 Ng3+ 12. hxg3 Qxh1 13. Nd6+ Kd7 14.
Qg4+ Kc6 15. Qa4+ Kc7 16. Nb5+ Kb6 17. Nd6 Bxd6 18. exd6 Nc5 19. Be3 d4 20.
Bxd4 Qh5 21. b4 a5 22. Bxc5+ Ka6 23. b5# 1-0